|
|
|
|
| LEADER |
01538cas a2200241 a 4500 |
| 001 |
AALejournalIMF009128 |
| 008 |
230101c9999 xx r poo 0 0eng d |
| 020 |
|
|
|c 5.00 USD
|
| 020 |
|
|
|z 9781451836523
|
| 022 |
|
|
|a 1934-7685
|
| 040 |
|
|
|a BD-DhAAL
|c BD-DhAAL
|
| 110 |
2 |
|
|a International Monetary Fund.
|
| 245 |
1 |
0 |
|a Togo :
|b Recent Economic Developments.
|
| 264 |
|
1 |
|a Washington, D.C. :
|b International Monetary Fund,
|c 1994.
|
| 300 |
|
|
|a 1 online resource (114 pages)
|
| 490 |
1 |
|
|a IMF Staff Country Reports
|
| 500 |
|
|
|a <strong>Off-Campus Access:</strong> No User ID or Password Required
|
| 500 |
|
|
|a <strong>On-Campus Access:</strong> No User ID or Password Required
|
| 506 |
|
|
|a Electronic access restricted to authorized BRAC University faculty, staff and students
|
| 520 |
3 |
|
|a This paper reviews economic developments in Togo during 1990-94. In 1990, the economic situation deteriorated, with an overall growth of real GDP of only 0.1 percent. Growth in the primary sector decelerated, in comparison with the previous year, largely because of late rains, but remained appreciable (3 percent), despite the decline in the production of food crops. Output in the secondary sector fell by 4.4 percent. In 1991, real GDP contracted by 0.9 percent, marking the beginning of a three-year decline.
|
| 538 |
|
|
|a Mode of access: Internet
|
| 830 |
|
0 |
|a IMF Staff Country Reports; Country Report ;
|v No. 1994/003
|
| 856 |
4 |
0 |
|z Full text available on IMF
|u http://elibrary.imf.org/view/journals/002/1994/003/002.1994.issue-003-en.xml
|z IMF e-Library
|